Production operations : (Record no. 11155)

MARC details
000 -LEADER
fixed length control field 01268nam a22003497a 4500
003 - CONTROL NUMBER IDENTIFIER
control field AR-FvUNAJ
005 - DATE AND TIME OF LATEST TRANSACTION
control field 20251110114324.0
008 - FIXED-LENGTH DATA ELEMENTS--GENERAL INFORMATION
fixed length control field 231109b ||||| |||| 00| 0 eng d
020 ## - INTERNATIONAL STANDARD BOOK NUMBER
International Standard Book Number 0-930972-04-x
040 ## - CATALOGING SOURCE
Transcribing agency AR-FvUNAJ
Modifying agency AR-FvUNAJ
Description conventions aacr2
082 14 - DEWEY DECIMAL CLASSIFICATION NUMBER
Edition number 14
Classification number 624.1
100 1# - MAIN ENTRY--PERSONAL NAME
9 (RLIN) 19761
Personal name Allen, Thomas O
245 ## - TITLE STATEMENT
Title Production operations :
Remainder of title well completions, workover and stimulation /
Statement of responsibility, etc Thomas O. Allen and Alan P. Roberts.
250 ## - EDITION STATEMENT
Edition statement 2nd.ed.
260 ## - PUBLICATION, DISTRIBUTION, ETC. (IMPRINT)
Place of publication, distribution, etc Tulsa :
Name of publisher, distributor, etc OGCI Consultants International,
Date of publication, distribution, etc 1984.
300 ## - PHYSICAL DESCRIPTION
Extent 2 vols.
Other physical details il., tbl., graf.
504 ## - BIBLIOGRAPHY, ETC. NOTE
Bibliography, etc Incluye referencias bibliográficas.
504 ## - BIBLIOGRAPHY, ETC. NOTE
Bibliography, etc Incluye símbolos y abreviaciones.
504 ## - BIBLIOGRAPHY, ETC. NOTE
Bibliography, etc Incluye unidades métricas y estándares para factores de conversión métrica.
650 17 - SUBJECT ADDED ENTRY--TOPICAL TERM
Source of heading or term unescot
9 (RLIN) 1939
Topical term or geographic name as entry element GEOLOGIA
650 17 - SUBJECT ADDED ENTRY--TOPICAL TERM
9 (RLIN) 19313
Topical term or geographic name as entry element INGENIERIA GEOLOGICA
Source of heading or term unescot
650 14 - SUBJECT ADDED ENTRY--TOPICAL TERM
9 (RLIN) 5702
Topical term or geographic name as entry element GEOLOGIA DEL PETROLEO
650 27 - SUBJECT ADDED ENTRY--TOPICAL TERM
Source of heading or term unescot
9 (RLIN) 3435
Topical term or geographic name as entry element GAS
650 14 - SUBJECT ADDED ENTRY--TOPICAL TERM
9 (RLIN) 3874
Topical term or geographic name as entry element RECURSOS CARBONIFEROS
650 24 - SUBJECT ADDED ENTRY--TOPICAL TERM
9 (RLIN) 9842
Topical term or geographic name as entry element MECÁNICA DE FLUIDOS
650 24 - SUBJECT ADDED ENTRY--TOPICAL TERM
9 (RLIN) 3430
Topical term or geographic name as entry element DINAMICA DE FLUIDOS
650 27 - SUBJECT ADDED ENTRY--TOPICAL TERM
Source of heading or term unescot
9 (RLIN) 11846
Topical term or geographic name as entry element RAYOS GAMMA
650 27 - SUBJECT ADDED ENTRY--TOPICAL TERM
Source of heading or term unescot
9 (RLIN) 19881
Topical term or geographic name as entry element CEMENTO
700 1# - ADDED ENTRY--PERSONAL NAME
9 (RLIN) 19765
Personal name Roberts, Alan P.
942 ## - ADDED ENTRY ELEMENTS (KOHA)
Source of classification or shelving scheme Dewey Decimal Classification
Koha item type Libro, folleto, traducción
980 ## - EQUIVALENCE OR CROSS-REFERENCE-SERIES STATEMENT--PERSONAL NAME/TITLE [LOCAL, CANADA]
Linkage 2
Personal name Virginia Figueroa
Field link and sequence number 2
Miscellaneous information Virginia Figueroa
Holdings
Withdrawn status Lost status Source of classification or shelving scheme Damaged status Not for loan Home library Current library Date acquired Source of acquisition Total Checkouts Full call number Barcode Date last seen Price effective from Koha item type
    Dewey Decimal Classification     Biblioteca Central Biblioteca Central 10/11/2025 Donación   624.1 ALL 2a.ed. v.1 UNAJ25110013 10/11/2025 10/11/2025 Libro, folleto, traducción
    Dewey Decimal Classification     Biblioteca Central Biblioteca Central 10/11/2025 Donación   624.1 ALL 2a.ed. v.2 UNAJ25110014 10/11/2025 10/11/2025 Libro, folleto, traducción

Lunes a Viernes 8:30 a 19:00 hs. Cerrado por mudanza
Av.Calchaqui 6200 Florencio Varela (CP188) 2°piso Edificio Mosconi Aula 209-210
Mail: bibliotecacentralunaj@gmail.com  
Whatsapp(54 9)1122668024    ❔Pregunte a la bibliotecaria
© Universidad Nacional Arturo Jauretche | Secretaría Académica | Biblioteca Central UNAJ